Airports Furthest and Nearest to City Centre - Statistics

General Stats
  • This quiz has been taken 194 times
  • The average score is 5 of 10
Answer Stats
km Airports % Correct
Furthest 39.2 London Gatwick Airport
83%
Furthest 57.0 Narita International Airport
76%
Furthest 32.8 Shanghai Pudong International Airport
54%
Nearest 8.6 Sydney Kingsford-Smith Airport
53%
Nearest 9.1 Miami International Airport
47%
Furthest 48.8 Seoul Incheon International Airport
47%
Nearest 8.8 Doha Hamad International Airport
35%
Nearest 5.2 Mexico Benito Juárez International Airport
35%
Furthest 46.0 Kuala Lumpur International Airport
31%
Nearest 6.2 Phoenix Sky Harbor International Airport
20%
No matching quizzes found
Score Distribution
Percent of People with Each Score
Percentile by Number Answered
Your Score History
You have not taken this quiz